The adventures of Tom Sawyer / (Record no. 10054)
[ view plain ]
| 000 -LEADER | |
|---|---|
| fixed length control field | 00852nam a22002537a 4500 |
| 003 - CONTROL NUMBER IDENTIFIER | |
| control field | OSt |
| 005 - DATE AND TIME OF LATEST TRANSACTION | |
| control field | 20260413101728.0 |
| 008 - FIXED-LENGTH DATA ELEMENTS--GENERAL INFORMATION | |
| fixed length control field | 260413b |||||||| |||| 00| 0 eng d |
| 020 ## - INTERNATIONAL STANDARD BOOK NUMBER | |
| International Standard Book Number | 0028180089 |
| 040 ## - CATALOGING SOURCE | |
| Language of cataloging | ebl |
| Transcribing agency | GLENCOE McGRAW-HILL |
| Description conventions | rda |
| 041 ## - LANGUAGE CODE | |
| Language code of text/sound track or separate title | eng |
| 050 ## - LIBRARY OF CONGRESS CALL NUMBER | |
| Classification number | PS 1306 .A1 2000 |
| Item number | .A1 2000 |
| 100 ## - MAIN ENTRY--PERSONAL NAME | |
| Personal name | Twain, Mark, |
| Dates associated with a name | 1835-1910. |
| Relator term | AUTHOR |
| 245 ## - TITLE STATEMENT | |
| Title | The adventures of Tom Sawyer / |
| Statement of responsibility, etc. | Mark Twain. |
| 250 ## - EDITION STATEMENT | |
| Edition statement | First edition |
| 260 ## - PUBLICATION, DISTRIBUTION, ETC. | |
| Place of publication, distribution, etc. | New York : |
| Name of publisher, distributor, etc. | Glencoe McGraw-Hill, |
| Date of publication, distribution, etc. | 2000. |
| 300 ## - PHYSICAL DESCRIPTION | |
| Extent | 250 pages |
| Dimensions | 24 cm. |
| 520 ## - SUMMARY, ETC. | |
| Summary, etc. | The adventures of a mischievous boy growing up along the Mississippi River in the fictional town of St. Petersburg, Missouri. |
| 650 ## - SUBJECT ADDED ENTRY--TOPICAL TERM | |
| Topical term or geographic name entry element | Boys |
| Form subdivision | Fiction. |
| 650 ## - SUBJECT ADDED ENTRY--TOPICAL TERM | |
| Topical term or geographic name entry element | Mississippi River Valley |
| Form subdivision | Fiction. |
| 650 ## - SUBJECT ADDED ENTRY--TOPICAL TERM | |
| Topical term or geographic name entry element | dventure stories. |
| 655 ## - INDEX TERM--GENRE/FORM | |
| Source of term | lcgft |
| Genre/form data or focus term | Bildungsromans. |
| 942 ## - ADDED ENTRY ELEMENTS (KOHA) | |
| Source of classification or shelving scheme | Library of Congress Classification |
| Koha item type | Books |
| Edition | 1st ed. |
| Suppress in OPAC | No |
| Withdrawn status | Lost status | Source of classification or shelving scheme | Damaged status | Not for loan | Home library | Current library | Date acquired | Total checkouts | Full call number | Barcode | Date last seen | Price effective from | Koha item type |
|---|---|---|---|---|---|---|---|---|---|---|---|---|---|
| Library of Congress Classification | PIU Library | Main Library | 04/13/2026 | PS 1306 .A1 2000 | PIUDLMUR1029 | 04/13/2026 | 04/13/2026 | Books |